000 00520nam a2200181Ia 4500
005 20250508154554.0
008 008 250505s9999 xx 000 0 eng d
037 _aTextual
040 _aFEDL
_beng
_cFEDL
041 _aeng
_2eng
084 _a371.426942, ARG
_qFEDL
100 _aArgles Michael
_9598421
245 0 _aSouth kensington to robbins
260 _aLondon, UK
_bLongmans, Green and Co.
_c1964
300 _axiii,178p.
942 _cTEXL
_h371.426942, ARG
999 _c1350956
_d1350956